Glaubensfragen in Europa : Religion und Politik im Konflikt.

Bibliographic Details
Main Author: Ariëns, Elke.
Other Authors: König, Helmut., Sicking, Manfred.
Format: eBook
Language:German
Published: Bielefeld : transcript, 2014.
Edition:1st ed.
Series:Europäische Horizonte
Subjects:
Online Access:Click to View
LEADER 02400nam a22004093i 4500
001 EBC6695200
003 MiAaPQ
005 20231204023217.0
006 m o d |
007 cr cnu||||||||
008 231204s2014 xx o ||||0 ger d
020 |a 9783839417072  |q (electronic bk.) 
020 |z 9783837617078 
035 |a (MiAaPQ)EBC6695200 
035 |a (Au-PeEL)EBL6695200 
035 |a (OCoLC)900345308 
040 |a MiAaPQ  |b eng  |e rda  |e pn  |c MiAaPQ  |d MiAaPQ 
100 1 |a Ariëns, Elke. 
245 1 0 |a Glaubensfragen in Europa :  |b Religion und Politik im Konflikt. 
250 |a 1st ed. 
264 1 |a Bielefeld :  |b transcript,  |c 2014. 
264 4 |c {copy}2011. 
300 |a 1 online resource (231 pages) 
336 |a text  |b txt  |2 rdacontent 
337 |a computer  |b c  |2 rdamedia 
338 |a online resource  |b cr  |2 rdacarrier 
490 1 |a Europäische Horizonte ;  |v v.7 
505 0 |a Cover -- Inhalt -- Einleitung -- Kirchlichkeit, Religiosität und Spiritualität in Europa -- Religiöse Pluralisierung im Einwanderungsland Deutschland -- Religionsvielfalt als Problem? Zur Formgebung religiöser Differenz und zur Zivilisierung von Religionskonflikten -- Grenzen der Religionsfreiheit ausloten. Zur Diskussion um Kopftuch- und Burka-Verbote in Deutschland und Europa -- Zum Verhältnis von Religion, Recht und Politik: Säkularisierung im Islam -- Der Islam in der Moderne -- Religion und Politik in den USA: Minderheitenschutz, religiöse Formation und politische Mobilisierung -- Religiöse und säkulare Argumente im Konflikt? Kritik einer irreführenden Dichotomie -- Bildung der Öffentlichkeit. Nachdenken mit Schleiermacher über Staat, Gesellschaft, Religion und Erziehung -- Autorinnen und Autoren. 
588 |a Description based on publisher supplied metadata and other sources. 
590 |a Electronic reproduction. Ann Arbor, Michigan : ProQuest Ebook Central, 2023. Available via World Wide Web. Access may be limited to ProQuest Ebook Central affiliated libraries.  
655 4 |a Electronic books. 
700 1 |a König, Helmut. 
700 1 |a Sicking, Manfred. 
776 0 8 |i Print version:  |a Ariëns, Elke  |t Glaubensfragen in Europa  |d Bielefeld : transcript,c2014  |z 9783837617078 
797 2 |a ProQuest (Firm) 
830 0 |a Europäische Horizonte 
856 4 0 |u https://ebookcentral.proquest.com/lib/matrademy/detail.action?docID=6695200  |z Click to View